Paroles "Le temps ne fait rien à l'affaire" - G. Brassens - Statistiques

Statistiques générales
  • Ce quiz a été pris 27 fois
  • Le résultat moyen est 189 sur 225
Statistiques - réponses
Hint Réponse % Correct
. à
100%
.... fait
100%
.. la
100%
.. Le
100%
.. le
100%
.. ne
100%
.... rien
100%
..... temps
100%
... con
95%
.. de
95%
... des
95%
... est
95%
.. je
95%
.'....... l'affaire
95%
.. on
95%
..... Quand
95%
..... quand
95%
...... averse
91%
.'..... d'antan
91%
........ dernière
91%
...... neiges
91%
..... vieux
91%
... | .... cons
86%
... les
86%
...... Petits
86%
...... petits
86%
... qui
86%
... Qui
86%
..'.. Qu'on
86%
..'.. qu'on
86%
.. un
86%
... ils
82%
... Moi
82%
.. ou
82%
.... pour
82%
.... soit
82%
.... sont
82%
....... adresse
77%
.... âges
77%
.... âgés
77%
......... débutants
77%
.. du
77%
...... jeunes
77%
....... message
77%
... pas
77%
..'... qu'ils
77%
.... Tous
77%
.... tous
77%
....... balance
73%
........ caduques
73%
.... deux
73%
..... entre
73%
..... Entre
73%
.'.... l'oeuf
73%
..... neufs
73%
...... | ....... prenez
73%
....... sortent
73%
.... tout
73%
.... vous
73%
.... Vous
73%
... ait
68%
... ans
68%
.... becs
68%
...... blancs
68%
..... cocon
68%
.'.. d'un
68%
.....-.... grand-père
68%
.... leur
68%
.... mecs
68%
.... plus
68%
........ prennent
68%
..... vingt
68%
....... jeunots
64%
.... niez
64%
...... usagés
64%
..... bleus
59%
....... chenues
59%
............ controverses
59%
....... grisons
59%
..... têtes
59%
......... confessez
55%
......... innocents
55%
.'......... l'impartial
50%
......... naissants
50%
..... papas
50%
......... fourneaux
45%
....... Méditez
41%
....... devenus
32%
Aucun quiz correspondant
Distribution des résultats
% des personnes avec chaque résultat
Percentile par nombre de réponses
Votre historique - résultats
Vous n’avez pas pris ce quiz